000 00772nam a2200265Ia 4500
005 20260306172717.0
008 008 260114s9999 xx 000 0 hin d
020 _a9789388028608
037 _aEBOOK
040 _aCRL
040 _bhin
040 _cCRL
041 _2hin
041 _ahin
084 _qCRL
100 _aमंगल, एस. के. (Mangal, S. K.), मंगल, शुभ्रा (Mangal, Shubhra)
_91131219
245 0 _aसमेकित विद्यालय की स्थापना (Samekit Vidyalaya Ki Sthapana)
260 _bPHI
260 _c2025
650 _aEducation
856 _uhttps://elibrary.phindia.com/ebooks/reader/9789388028608
942 _cEBOOK
999 _c1714856
_d1714856